[Event "Mordechay Porat Memorial"]
[Site "Rehovot"]
[Date "2001.11.23"]
[Round "3"]
[White "Golod, Vitali"]
[Black "Kreizberg, Michael"]
[Result "1-0"]
[WhiteElo "2517"]
[BlackElo "2318"]
[Annotator "Golod,V"]
[PlyCount "45"]
[EventDate "2001.11.23"]
[EventType "swiss"]
[EventRounds "5"]
[EventCountry "ISR"]
[SourceTitle "CBM 087"]
[Source "ChessBase"]
[SourceDate "2002.03.21"]
[SourceVersion "1"]
[SourceVersionDate "2002.03.21"]
[SourceQuality "1"]

1. d4 d6 2. e4 Nf6 3. Nc3 g6 4. f4 Bg7 5. Nf3 c5 6. Bb5+ Bd7 7. e5 Ng4 8. Bxd7+
Qxd7 9. h3 $5 {[%mdl 4]} ({The main theoretical continuation in this position:
} 9. d5 $5) 9... cxd4 10. Qxd4 Nc6 $5 ({In my opinion,it was worse:} 10... Nh6
11. g4 $1 (11. Qf2 $143 Nc6 (11... dxe5 $5 12. Nxe5 (12. fxe5 $142 $13) 12...
Qe6 13. O-O Nc6 14. Nxc6 Qxc6 $15 {Kolts,J-Shih,K/Houston,1999(0-1)(23)}) 12.
O-O O-O 13. Re1 Rad8 14. Be3 Nf5 15. Bxa7 Nxa7 16. Qxa7 dxe5 17. fxe5 Qc6 $44 {
Mikhalchishin,A-Van Wely,L/Kecskemet,1991 (1/2-1/2)(21)}) (11. Qe4 $6 Nf5 {
[%csl Rg3][%cal Gf5g3]} 12. Kf2 e6 $6 (12... h5 $142) 13. g4 d5 14. Qd3 Ne7 15.
Nb5 $14 {Doehring,J-Weil,V/Germany,1993(1/2-1/2)(61)}) 11... dxe5 ({Pretty
dubiously:} 11... Nc6 {in view of:} 12. Qe4 {[%csl Gd7,Ye4][%cal Rd4e4]} O-O
13. Bd2 dxe5 14. fxe5 Qe6 (14... f5 $142 15. exf6 exf6 16. O-O-O Nf7 17. Bf4
$36) 15. O-O-O f5 $8 16. exf6 Qxe4 17. Nxe4 exf6 18. Nc5 {[%csl Rb7,Re6] +/=/+/
- See comments to Thorhallsson,T-Gretarsson,H/Hafnarfirdi,1992/CBM 29 (1/2-1/2)
(Stohl,I)(103)}) 12. Qxd7+ Nxd7 13. fxe5 {[%csl Rh6]} f6 ({Weakly:} 13... Ng8
14. Bf4 g5 (14... h5 15. g5 O-O-O 16. O-O-O e6 17. Ne4 $16 {[%csl Rf7][%cal
Ge4d6]}) 15. Bg3 Rc8 16. O-O-O {+/=/+/- Owczarzak,J-Paterek,M/Zakopane,2001 
(1-0)(53)}) 14. exf6 exf6 15. Bf4 Nb6 16. O-O-O O-O 17. Nb5 $5 $14 {[%cal
Gb5c7,Gc7e6] You can see comments to Blehm,P-Nijboer,F/Istanbul,2000/CBM 80 (1/
2-1/2) (Finkel,A)(41)}) 11. Qe4 (11. Qd3 $6 Nh6 12. g4 O-O-O 13. Be3 dxe5 14.
Qxd7+ Rxd7 15. Nxe5 Nxe5 16. fxe5 Ng8 17. O-O Bxe5 18. Rxf7 Nf6 $11 {Zawadzki,
S-Mista,A/Zakopane,2001(1/2-1/2)(45)}) 11... f5 $1 $146 ({Was checked in the
previous game:} 11... Nh6 $6 12. g4 O-O-O (12... O-O $143 {transfer to-10...Nh6
}) 13. Be3 dxe5 14. fxe5 Qe6 15. Rd1 $2 (15. Bf4 $5 $14) 15... Nxe5 16. Nxe5
Bxe5 $17 {Wait,D-Haines,R/Concord,1995(1-0)(25)}) 12. Qe2 Nh6 13. Bd2 $6 ({
More strongly and essentially:} 13. e6 Bxc3+ $5 (13... Qc7 $143 14. Bd2 $14 {
[%csl Rh6]}) 14. bxc3 Qc7 15. Bb2 $13 {[%csl Gb2][%cal Gc3c4,Gb2h8]}) ({
Also it deserves attention:} 13. O-O) 13... dxe5 14. fxe5 Qe6 {[%csl Re5][%cal
Gh6f7]} 15. O-O-O (15. Ng5 $2 {is refuted by:} Qxe5 16. Ne6 $140 Qxe2+ 17. Nxe2
Kf7 {[%csl Yf7,Rg7][%cal Yf7g7]} 18. Nxg7 Kxg7 19. Bc3+ e5 $17) 15... O-O-O $2
{Immediately leads to bad position.} ({Can be recommended:} 15... Nf7 $5 {
[%csl Re5]} 16. g4 $1 $132 (16. Qb5 $6 O-O-O $15 (16... O-O $143 17. Bf4 $13)))
16. Ng5 $1 Qxe5 $140 ({After:} 16... Qg8 17. e6 $16 {white completely break
coordination of of black pieces.}) 17. Ne6 $16 {[%csl Gd2,Rd8,Ge6,Rg7,Rh6]} Rd6
$6 ({More stubborn resistance after:} 17... Qxe2 18. Nxe2 Rxd2 (18... Rhg8 19.
Nxg7 Rxd2 20. Rxd2 Rxg7 $16) 19. Rxd2 Be5 20. Rhd1 $16) 18. Nxg7 Qxg7 19. Nb5
Rd7 20. Qc4 $1 $18 {[%csl Rc8][%cal Gb5a7] This move,is much better,than:} (20.
Nxa7+ Nxa7 21. Bc3 e5 $1 (21... Qg8 $2 22. Rxd7 Kxd7 23. Rd1+ Kc8 24. Qe5 (24.
Bxh8 $5 Qxh8 25. Qe3 $18 {[%csl Ra7,Rh6]}) 24... Nf7 $140 25. Qe6+ Kb8 26. Bxh8
$18 {[%csl Rf7]}) 22. Bxe5 Re8 23. Qc4+ Rc7 24. Bxg7 Rxc4 25. Bxh6 $16) 20...
Nf7 ({Loses right away:} 20... Kd8 {because of:} 21. Ba5+ Ke8 (21... Nxa5 22.
Qc7+ {[%csl Gc7,Gd1,Rd7]}) 22. Rxd7 Kxd7 23. Rd1+ Kc8 (23... Ke8 24. Nc7+ Kf8
25. Ne6+ {[%csl Rf8,Rg7]}) 24. Nxa7+ $18) ({and} 20... Kb8 {in view of:} 21.
Bf4+ {[%csl Rb8,Gd1,Rd7]}) 21. Nxa7+ Kb8 22. Nxc6+ bxc6 23. Bc3 $1 $18 {
After this move,black resigns,because of next variants:} (23. Bc3 Qh6+ 24. Kb1
Rxd1+ (24... Nd6 $2 25. Rxd6 {[%csl Rh8]}) 25. Rxd1 Rd8 $8 26. Be5+ $1 Nxe5 (
26... Kb7 $2 27. Qb3+ $1 {[%csl Re3][%cal Yb3e3]} Ka7 28. Rxd8 Nxd8 29. Bc7 {
[%csl Ra7,Rd8][%cal Gb3b6,Yb3e3]} Nb7 30. Qb6+ Ka8 31. Qa6#) 27. Rxd8+ Kc7 28.
Qg8 $18) 1-0

[Event "EU-ch 2nd"]
[Site "Ohrid"]
[Date "2001.06.11"]
[Round "10"]
[White "Golod, Vitali"]
[Black "Bogdanovski, Vlatko"]
[Result "1-0"]
[WhiteElo "2593"]
[BlackElo "2463"]
[Annotator "Golod,V"]
[PlyCount "81"]
[EventDate "2001.06.01"]
[EventType "swiss"]
[EventRounds "13"]
[EventCountry "YUG"]
[SourceTitle "CBM 084"]
[Source "ChessBase"]
[SourceDate "2001.09.13"]
[SourceVersion "1"]
[SourceVersionDate "2001.09.13"]
[SourceQuality "1"]

{[%mdl 1]} 1. e4 {Finkel,A} d6 2. d4 Nf6 3. Nc3 g6 4. f4 Bg7 5. Nf3 O-O 6. Bd3
Na6 $5 7. O-O c5 8. d5 Bg4 9. Bc4 $1 {Finkel,A:"The most accurate move".} Nc7 (
{Another possibility is:} 9... Nd7) 10. h3 Bxf3 11. Qxf3 a6 12. a4 Nd7 $5 (
12... b6 $5 {See comments to Grischuk,A-Ponomariov,R/Lausanne, 2000/CBM 78 (1/
2-1/2)(Finkel,A)(28)}) 13. Qd3 $5 {[%csl Ya4,Yc4,Yd3][%cal Yc4b5,Ya4b5]} ({
Is a possible continuations of the play:} 13. Qe2 {Finkel,A} Kh8 $5 (13... f5
$2 14. e5 $16 {()}) 14. Rd1 Rb8 (14... f5 15. Bd2 {[%cal Ya1b1,Yb2b4] /\Rab1,
b4|^<<} fxe4 16. Nxe4 {[%csl Rf6,Rf7,Rg7,Rh6][%cal Yd2c3] /\Bc3,׻}) 15. a5 b5
16. axb6 Rxb6 17. Ra2 $14 {Forster,R-Hodgson,J/Horgen-B,1995 (0-1)(36)} (17.
Bxa6 $2 Qa8 $19)) ({and} 13. a5 {Finkel,A} b5 14. axb6 Nxb6 15. Be2 (15. Qd3 $6
Rb8 16. Nd1 e6 $1 17. c3 (17. dxe6 fxe6 {/\ d5}) 17... Nxc4 18. Qxc4 exd5 19.
exd5 f5 $1 $15 {Harley,A-Hodgson,J/BCF-ch,1993(0-1) (40)}) 15... f5 $1 $13) (
13. Rd1 $5 {Finkel,A} Rb8 14. a5 $16) 13... Nb6 $5 ({In this tournament there
was one more game on this variant:} 13... Rb8 14. Be3 Nb6 15. b3 $1 Qd7 16. a5
Nxc4 17. bxc4 b5 18. axb6 Rxb6 19. e5 $14 {Yegiazarian,A-Bogdanovski,V/Ohrid,
2001(1-0) (29)}) 14. Ba2 {This move much better,than:} (14. Bb3 Rc8 $1 {
[%csl Gc8][%cal Gc5c4]} (14... Nd7 $143 15. Bd2 $6 Rb8 16. a5 b5 17. axb6 Nxb6
$132 {Sutovsky,E-Kantsler,B/Israel,1999(1/2-1/2)(33)}) 15. a5 $140 $6 c4 $36)
14... Nd7 $5 $146 {Black's plan is: Rb8 and b5.} ({Was checked in the previous
game:} 14... Qd7 $5 {Dolmatov,S-Chernin,A/Minsk,1987 (1/2-1/2)(52)}) 15. Bb3 {
'?!' Finkel,A. Finkel,A: 'This move is inaccuracy which could give black an
opportunity to get significient counterplay after 15...b6!, so better was
natural'} (15. a5 $5 {Finkel,A} b5 16. axb6 Nxb6 17. Bb3 Qd7 18. Na4 Rfb8 19.
Nxb6 Rxb6 20. Ba4 $14 {with better chanses.}) 15... Rb8 {'?!' Finkel,A.} (15...
b6 $5 {Finkel,A} 16. Bd2 Rb8 17. Bc4 Qc8 $132 {[%cal Gc8b7,Gb6b5]}) 16. a5 {
Differently,after:} (16. Bc4 {black can repeat the moves:} Nb6 17. Bb3 Nd7 {
and so on.}) 16... b5 {Black has no other plan!} 17. axb6 Nxb6 18. Na4 $14 {
Finkel,A: 'Now white has very comfotable advantage.'} Nxa4 (18... Nb5 {Finkel,A
} 19. c3 (19. Nxb6 {Finkel,A} Rxb6 20. Bc4 $14) 19... Nd7 20. Bc4 Re8 21. Bd2
$14) 19. Rxa4 Qd7 20. Ra2 $5 {[%csl Ya2,Rb2][%cal Ya2b2] '!' Finkel,A.} (20. f5
$143 {[%csl Re5] ><e5}) 20... Rb4 21. Bc4 {[%csl Yc4] On the party white
obvious positional advantage,but him very not simply to use.} e6 {'?!' Finkel,
A. Finkel,A: 'Searching for counterplay black creates additional weaknesses in
the position.'} 22. dxe6 (22. c3 {Finkel,A} Ra4 $6 23. Rxa4 Qxa4 24. dxe6 fxe6
25. Qxd6 Qxc4 26. Qxc7 Qxe4 27. Qxc5 $16) 22... fxe6 23. c3 Rb6 {[%csl Rd6]
[%cal Yb6d6]} 24. Be3 {[%csl Rd7][%cal Ge3c5]} Qc6 (24... Rd8 $5 25. Rd1 $36 {
[%csl Gd1,Gd3,Rd7][%cal Ge3c5]} (25. f5 $6 {Finkel,A} gxf5 26. exf5 d5 27. f6
dxc4 28. f7+ Kh8 29. Qxd7 Rxd7 30. f8=Q+ Bxf8 31. Rxf8+ Kg7 32. Rf4 $13)) 25.
Rd1 Re8 {[%csl Re3,Ge8][%cal Gd6d5]} ({Facilitates my task:} 25... Rd8 {
in view of:} 26. b4 $1 (26. Bf2 $14 {Finkel,A}) 26... cxb4 27. Bxb6 Qxb6+ 28.
Kh1 Bxc3 29. f5 $16 {[%csl Gc4,Rg8]}) 26. Bf2 Kh8 27. Kh1 {[%csl Rg1,Yh1][%cal
Yg1h1] White and black are engaged in preventive measures.} ({A little
prematurely:} 27. b4 $6 cxb4 28. Bxb6 Qxb6+ 29. Kh1 d5 $1 $132 (29... bxc3 $2
30. Qxd6 $16)) 27... Bf6 $6 {Finkel,A: 'Better was'} ({In my opinion,much
better is:} 27... e5 $5 28. fxe5 (28. f5 $6 {Finkel,A} gxf5 29. exf5 e4 30. Qg3
d5 $13) 28... Bxe5 29. b4) 28. b4 $1 {[%csl Rb6] By this move I break pawn
chain of black. '+/-' Finkel,A.} Nb5 29. bxc5 (29. Rxa6 $1 {An strong idea
which was mentioned by Fritz 6,after the game.} Nxc3 $140 (29... Rxa6 $4 30.
Bxb5 {[%csl Ra6,Rc6]} c4 31. Bxc6 cxd3 32. Bxe8 $18) 30. Bh4 $1 $16 {[%csl Rc3]
[%cal Yf6c3]}) 29... dxc5 30. e5 Rd8 31. Qf1 {'!?' Finkel,A.} ({Senselessly:} 
31. Qxd8+ Bxd8 32. Rxd8+ Kg7 $13) (31. exf6 $5 {Finkel,A} Rxd3 32. Rxd3 Kg8 (
32... Nd6 {Finkel,A} 33. Rad2 $1 {[%csl Rh8][%cal Gd3d8]}) 33. Rad2 Kf7 34.
Rd7+ $18) 31... Rxd1 32. Qxd1 Be7 $8 (32... Nxc3 $4 {is refuted by:} 33. Qd3 $1
Nxa2 34. exf6 {[%csl Ra2,Rh8][%cal Gd3d8,Gc4a2]} Rb8 (34... Qd6 $143 35. f7 Kg7
$140 36. Qxd6 Rxd6 37. f8=Q+ $1 Kxf8 38. Bxc5 Ke7 39. Bxa2 $18) 35. Bxa2 $18)
33. Qd3 Rb8 34. Rd2 Rb7 $2 $138 ({Can be recommended:} 34... Rd8 35. Qe3 (35.
Qxd8+ $2 Bxd8 36. Rxd8+ Kg7 37. Bh4 Kf7 $15) 35... Rxd2 36. Qxd2 {+/=/+/-}) 35.
Kh2 {[%csl Gc6,Rh1,Yh2][%cal Yh1h2]} Kg7 36. Be3 ({It deserves attention:} 36.
Qe3 {[%cal Gc4e2,Ge2f3]}) 36... Rc7 {/\37...Na3 38.Bxa6 Ra7(ץa6)} (36... Na3
$2 37. Bxa6 {[%csl Rb7]} Ra7 38. Bc4 $16) 37. g4 $5 $40 {[%mdl 128]} Na3 $2 {
Now I receive decisive attack.} ({After:} 37... Nd4 $1 {[%csl Rc4]} 38. Rf2 $14
{I save a big positional advantage in the middlegame.}) 38. f5 Nxc4 (38... exf5
$2 39. gxf5 $140 gxf5 $4 40. Rg2+ {[%csl Rg7]} Kf8 41. Rg8#) 39. Qxc4 $16 Bf8 (
{Loses right away:} 39... exf5 $2 40. gxf5 gxf5 (40... Qf3 41. f6+ $18) 41.
Rg2+ $18 {[%csl Rg7]}) ({and} 39... Qf3 $2 40. f6+ Kf7 41. fxe7 Qxe3 42. Qf1+
$1 (42. Qxe6+ $5) 42... Kxe7 43. Qf6+ Ke8 44. Rd8#) 40. Bg5 $1 {'+-!' Finkel,A.
} h6 $2 $138 {Decisive mistake.} ({It was necessary:} 40... Rb7 $1 {[%cal
Gb7b1]} 41. Bf6+ Kf7 42. Rf2 $16 {[%csl Gf2,Rf7]}) (40... Rd7 $2 41. Bf6+ Kg8
$8 (41... Kf7 42. fxe6+ Qxe6 43. Rxd7+) (41... Kh6 42. g5+ Kh5 43. Qg4#) 42.
Rxd7 Qxd7 43. Qxe6+ Qxe6 44. fxe6 {[%cal Ge6e7]} Bh6 45. g5 $18 {[%csl Ge6,Rh6]
[%cal Ge6e7]}) 41. Bf6+ {My contender has surrendered in view of the following
variant:} (41. Bf6+ Kf7 (41... Kg8 42. Qxe6+ (42. fxe6 $5) 42... Qxe6 43. fxe6
{[%csl Ge6][%cal Gd2d8,Ge6e7]}) 42. fxg6+ Kg8 (42... Kxg6 $2 43. Qd3+ Kf7 44.
Qh7+ Ke8 45. Rd8#) 43. Rd6 $1 Bxd6 44. Qxe6+ Kf8 45. exd6 Qf3 46. Be7+ $1 Kg7
$8 (46... Ke8 47. Bg5+ Kf8 48. Bxh6+ Rg7 49. Qc8#) 47. Qf6+ $1 Qxf6 48. Bxf6+
Kxf6 49. dxc7 {[%cal Gc7c8]}) 1-0

[Event "Athens Acropolis op-A 24th"]
[Site "Chalkida"]
[Date "2009.08.12"]
[Round "2"]
[White "Kapnisis, Spyridon"]
[Black "Gurevich, Mikhail"]
[Result "1-0"]
[WhiteElo "2464"]
[BlackElo "2618"]
[Annotator "Grivas,E"]
[PlyCount "101"]
[EventDate "2009.08.10"]
[EventType "swiss"]
[EventRounds "9"]
[EventCountry "GRE"]
[SourceTitle "CBM 131 Extra"]
[Source "ChessBase"]
[SourceDate "2009.09.03"]
[SourceVersion "2"]
[SourceVersionDate "2009.09.16"]
[SourceQuality "1"]

1. e4 d6 2. d4 Nf6 3. Nc3 g6 4. f4 Bg7 5. Nf3 c5 6. dxc5 Qa5 {(D) #} 7. Qd4 $5
(7. Bd3 {is supposed to be the main line:} Qxc5 8. Qe2 Bg4 9. Be3 Qa5 10. O-O
Nc6 11. Kh1 O-O 12. a3 Rac8 13. Qe1 Bxf3 14. Rxf3 a6 15. Qh4 Qh5 16. Qe1 Qa5
17. Qh4 Qh5 18. Qe1 {1/2-1/2 Solovjov,S-Rozum,I St Petersburg 2009, but the
text move has gained in popularity over recent months.}) 7... Nc6 ({The main
alternative is} 7... dxc5 8. Qc4 (8. Bb5+ Qxb5 9. Qxf6 Bxf6 10. Nxb5 Na6 11. e5
Bg7 12. Be3 Kd7 13. O-O-O+ Kc6 14. Nc3 $11 {Markgraf,A-Mueller,H Saarbruecken
2009}) 8... O-O (8... Nc6 9. Qb5 $1 (9. e5 Nh5 10. Bd2 Be6 11. Qb5 O-O-O 12.
Qxa5 Nxa5 13. g3 $11 {Lindberg,B-Hillarp Persson,T Stockholm 2007}) 9... Qxb5
10. Bxb5 Bd7 11. Be3 b6 12. h3 $14 {or}) (8... a6 $6 9. e5 Be6 10. Qa4+ Qxa4
11. Nxa4 Nfd7 12. Be3 b6 13. O-O-O $16 {Sharapov,E-Koscielny,E Lubawka 2009})
9. e5 Nfd7 (9... Ng4 $6 10. h3 Nh6 11. Be3 Na6 12. Qb5 Qxb5 13. Bxb5 b6 14. Bc6
Rb8 15. a3 Bb7 16. Bxb7 Rxb7 17. O-O-O $16 {Van Herwaarden,A-De Saegher,C
Dieren 2006}) 10. Be3 Na6 11. O-O-O $14 {Khairullin,I-Voinov,A Novokuznetsk
2007.}) 8. Bb5 Bd7 ({Probably best. The other option is} 8... dxc5 9. Qa4 Qxa4
10. Bxa4 Bd7 (10... Nd7 $6 11. Be3 Rb8 12. e5 $16 {Ledger,A-Baker,C Staverton
2009}) 11. e5 Ng4 12. h3 Nh6 13. Be3 $14 {Papp,G-Medic,M Pula 2009.}) 9. Qa4
Qd8 $6 ({A novelty. Previously Black tried} 9... Qc7 $6 10. Nd5 Qa5+ (10... Qd8
11. Be3 $16) 11. Qxa5 Nxa5 12. Nxf6+ Bxf6 13. Bxd7+ Kxd7 14. e5 Bg7 15. cxd6
exd6 16. Be3 $16 {Hanley,C-Detienne,S Charleroi 2006.}) ({But I think that
Black should opt for} 9... Qxa4 $1 10. Bxa4 Nb4 $1 11. Bb3 Be6 $1 12. Ke2 $14 {
.}) 10. e5 $1 Ng4 11. exd6 O-O ({What else? If} 11... exd6 12. h3 Nf6 13. O-O
O-O 14. cxd6 $16 {.}) 12. h3 $6 ({After} 12. f5 $1 {White would be clearly on
top.}) 12... a6 $1 13. Bxc6 Bxc6 14. Qc4 Nh6 15. Be3 Nf5 16. Bf2 exd6 17. O-O-O
{After some 'forced moves, we have arise on a quite complicated position.
Black's compensation for the sacrificed pawn is now good (as White helped with
his 12th move) but of course things are far from clear.} Bxf3 (17... Qf6 $5 18.
Kb1 dxc5 19. Rhe1 $13 {was also interesting and in my opinion preferable. With
the text move Black loses his control over the important d5-square.}) 18. gxf3
Rc8 19. Qb4 a5 (19... Bxc3 $5 {looks strange but Black seems to obtain equal
chances after} 20. Qxc3 Re8 21. h4 Re2 $13 {.}) 20. Qb3 Rc6 $2 ({Black had to
follow the previously mentioned line with} 20... Bxc3 {.}) 21. Qxb7 $1 Rc7 ({Or
} 21... Qc8 22. Qxc8 Rfxc8 23. Nd5 dxc5 24. c3 $16 {but maybe Black had some
survival chances due to the weak white kingside pawns.}) 22. Qb3 Qa8 23. Nb5 $1
a4 (23... Rd7 24. Rd5 Rb8 25. a4 $16 {.}) 24. Nxc7 ({Simpler was} 24. Qd5 Qb8
25. cxd6 $18 {.}) 24... axb3 25. Nxa8 bxa2 26. Kd2 Bxb2 (26... dxc5 27. c3 Rxa8
28. Bxc5 $18 {.}) 27. Nb6 $6 (27. Nc7 $1 dxc5 28. Ra1 Rd8+ 29. Ke2 $18 {.})
27... dxc5 28. Ra1 $6 (28. c4 $1 Rd8+ 29. Nd5 $18 {.}) 28... Rd8+ 29. Ke2 Re8+
30. Kd3 Rd8+ 31. Kc4 Bxa1 32. Rxa1 Rd2 33. Bxc5 Rxc2+ 34. Kb4 $16 {(D) # White
has made some inaccuracies over the last few moves, allowing Black to remain
in the game, despite his material deficit.} Kg7 35. Nd7 Rd2 $6 ({After} 35...
Rh2 $1 36. Ne5 f6 37. Nc4 h5 {Black would have good chances to split the point.
}) 36. Ne5 Rc2 $6 ({Again} 36... Rh2 37. Kc4 h5 {was Black's best chance.}) 37.
Nd3 $1 Nh4 (37... Rd2 38. Kc4 Rc2+ 39. Kb3 Rd2 40. Kc3 Rh2 41. Nf2 $18 {.}) 38.
Bd4+ Kh6 39. Ne5 {Now White wins.} f5 40. Kb3 Rh2 41. Rxa2 Rxh3 42. Kc4 Kh5 43.
Ra7 h6 44. Nd7 $1 g5 (44... Nxf3 45. Nf6+ Kh4 46. Bf2+ $18 {.}) 45. Nf6+ Kg6
46. Nd5 Nxf3 47. Rg7+ Kh5 48. Nf6+ Kh4 49. Bf2+ Rg3 50. fxg5 Nxg5 51. Rg6 $1
1-0

[Event "Ostend op"]
[Site "Ostend"]
[Date "1991.??.??"]
[Round "5"]
[White "Tischbierek, Raj"]
[Black "Gurevich, Mikhail"]
[Result "0-1"]
[WhiteElo "2480"]
[BlackElo "2630"]
[Annotator "Gurevich,M"]
[PlyCount "73"]
[EventDate "1991.09.??"]
[EventType "swiss"]
[EventRounds "9"]
[EventCountry "BEL"]
[SourceTitle "CBM 027"]
[Source "ChessBase"]
[SourceDate "1992.04.01"]
[SourceVersion "1"]
[SourceVersionDate "1992.04.01"]
[SourceQuality "1"]

1. e4 d6 2. d4 g6 3. Nc3 Bg7 4. f4 Nf6 5. Nf3 c5 6. dxc5 Qa5 7. Bd3 Qxc5 8. Qe2
O-O 9. Be3 Qa5 10. O-O Bg4 11. h3 Bxf3 12. Qxf3 Nc6 13. Kh1 Nd7 14. Bd2 Nc5 15.
Rad1 Nxd3 $5 {TN} (15... Qb6 16. Bc1 Bxc3 17. bxc3 Qa5 18. Bc4 Qa4 19. Qe2 Na5
20. Bd5 e6 21. Rd4 Qd7 22. Bb3 Qe7 23. Qf3 f5 24. exf5 Rxf5 25. Re1 Raf8 26.
Qd1 Rd8 27. Ba3 Naxb3 28. cxb3 b6 29. c4 a5 30. Qd2 e5 31. Rd5 e4 32. Rd4 $16 {
Kindermann,S-Khalifman,A Hamburg SKA 1991}) 16. cxd3 e6 {/\17...f5} 17. a3 (17.
f5 exf5 18. exf5 (18. Nd5 fxe4 $15) 18... Nd4 19. Ne2 (19. Qxb7 $2 Nxf5 $15)
19... Nxf3 20. Bxa5 Nd4 21. Nxd4 Bxd4 22. Bc3 $10) 17... f5 18. g4 (18. Ne2 $5
Qb6 19. Bc3 Bxc3 20. bxc3 Qc5 21. a4 $13) 18... Qb6 19. gxf5 exf5 (19... gxf5
20. Rg1 Kh8 21. exf5 Rxf5 22. Ne4 $36) 20. b4 Nd4 21. Qf2 $6 (21. Qg2 $1 Qa6
22. Nd5 Qxa3 (22... Qxd3 23. Bc3 Qc4 24. Bxd4 Bxd4 25. exf5 $40) 23. Bc3 $40)
21... Qc6 $1 22. Nd5 Rae8 23. Rc1 Qa6 $1 24. Rc4 (24. Nc7 Qxd3 25. Nxe8 Rxe8 $1
{/\26...fe-/+} (25... Qxe4+ 26. Qg2 Rxe8 27. Rc7 $13) 26. Qe3 Qxe4+ 27. Qxe4
fxe4 $17) 24... Ne6 {/\25...fe} 25. Rfc1 Qxa3 26. Qe3 Bb2 $1 $17 (26... fxe4
27. dxe4 Qxe3 28. Bxe3 a6 $15) 27. exf5 {[#]} (27. R1c2 b5 28. Rc6 Nd4 $19)
27... Ng7 $1 (27... Rxf5 $2 28. Rc8 Rff8 29. Rxe8 Rxe8 30. Rc8 $18) (27... Bxc1
$2 28. Bxc1 Qa1 29. fxe6 $16) 28. Ne7+ (28. Re4 Rxe4 $19) 28... Rxe7 $1 29.
Qxe7 Qxd3 $19 30. Bc3 (30. Rc8 Qxh3+ 31. Kg1 Bd4+ $19) (30. Qe3 Qxe3 31. Bxe3
Bxc1 32. Rxc1 Nxf5 33. Bxa7 Ng3+ 34. Kg2 Ne2 35. Rc7 Rf7 $19) 30... Qd5+ 31.
Kg1 Nxf5 32. Qxf8+ $8 Kxf8 33. Bxb2 Qd2 34. Rc8+ Kf7 35. R1c7+ Ke6 36. Re8+ Kd5
37. Bc1 {37...Qb4-+} (37. Re5+ dxe5 38. Rd7+ Nd6 39. Bxe5 Qxb4 $19) 0-1

[Event "Enghien les Bains 3rd"]
[Site "Enghien les Bains"]
[Date "1999.03.12"]
[Round "9"]
[White "Bologan, Viktor"]
[Black "Ponomariov, Ruslan"]
[Result "0-1"]
[WhiteElo "2608"]
[BlackElo "2609"]
[Annotator "Hansen,Cu"]
[PlyCount "70"]
[EventDate "1999.03.03"]
[EventType "tourn"]
[EventRounds "9"]
[EventCountry "FRA"]
[EventCategory "15"]
[SourceTitle "CBM 070"]
[Source "ChessBase"]
[SourceDate "1999.06.08"]
[SourceVersion "1"]
[SourceVersionDate "1999.06.08"]
[SourceQuality "1"]

1. e4 d6 2. d4 Nf6 3. Nc3 g6 4. f4 Bg7 5. Nf3 O-O 6. Be3 b6 7. Bc4 c5 8. Qe2
Nxe4 $5 {An example of opening preparation directed against one particular
opponent. Bologan had played 7.Bc4 c5 8.Qe2 in two recent games that
Ponomariov undoubtedly new:} (8... Nc6 9. e5 Ng4 10. O-O-O Na5 (10... Qc7 11.
Bg1 cxd4 12. Nb5 Qb8 13. h3 Nh6 14. g4 $36 {פh6 Bologan,V-Leski,M/Corsican op
Bastia 1998}) 11. Bd5 Rb8 12. Bg1 e6 13. dxc5 exd5 14. cxd6 $44 {Bologan,
V-Marin,M/10th Goodricke Int Calcutta IND 1999}) 9. Nxe4 d5 {White has no way
to make it a normal exchange - white e-P for black d-P. He cannot keep his
important whitesquared B in any sensible way.} 10. Bd3 c4 11. Bxc4 dxc4 12.
O-O-O Bb7 13. Nc3 Nd7 14. Qxc4 a6 {[%csl Gb7] This P-sacrifice has certain
similarities to the following line in the Caro-Kann: 1.e4 c6 2.d4 d5 3.Nc3
dxe4 4.Nxe4 Nd7 5.Bc4 Ngf6 6.Ng5 e6 7.De2 Nb6 8.Bd3 h6 9.N5f3 c5 10.Be3 a6 11.
0-0-0 c4!? 12.Bxc4 Nxc4 13.Qxc4 b5. In both cases black has compensation more
or less because his B on the /^ a8-h1 is so strong} 15. Qd3 Nf6 (15... b5 $5 {
[%cal Yd7b6,Yb6c4,Yb6d5] I think the N could be better placed on b6}) 16. d5 b5
17. Bd4 b4 18. Ne4 $6 {After this move black has a comfortable position. I
think white should have tried:} (18. Bxf6 Bxf6 (18... exf6 19. Ne4) 19. Ne4 {
[%cal Yf3e5] Blacks ^^ could indeed become strong but whites two Ns also have
some good squares.}) 18... Qxd5 19. Nc5 Rac8 20. Nxb7 Qxb7 $15 {Black has easy
play on the queenside where he can become active in the c-<-> or push his a
and b-P forward. It is more difficult for white to get play against blacks K}
21. Be5 Rc5 {[%cal Yf8c8,Yc8c1]} 22. Rhe1 Rfc8 23. Rd2 a5 {[%cal Ya5a4,Yb4b3]}
24. Ng5 {[%cal Yg5e4,Ye5f6] With the intention 25.Bxf6 followed by 26.Ne4} Rd5
25. Qf3 Qc6 26. Red1 (26. Bxf6 Rxd2 27. Qxc6 Rxc6 28. Kxd2 Bxf6 $17) 26... e6 {
[%csl Rc1,Gd5] Black has managed to get control of the important square d5 and
now white cannot releave the pressure by forcing exchanges.} 27. Qh3 $2 h6 28.
Bxf6 Bxf6 29. Qxh6 Bxg5 30. fxg5 Qc4 $1 $19 {[%cal Rc4a2]} 31. Qh3 (31. Kb1 $2
Qxc2+ $19) 31... Rxd2 32. Rxd2 Qxa2 33. Kd1 Qxb2 34. Qe3 a4 35. Qe4 a3 0-1